Normal view MARC view

Entry Personal Name

Number of records used in: 1

001 - CONTROL NUMBER

  • control field: 21311

003 - CONTROL NUMBER IDENTIFIER

  • control field: dpl

005 - DATE AND TIME OF LATEST TRANSACTION

  • control field: 20100923144419.0

008 - FIXED-LENGTH DATA ELEMENTS

  • fixed length control field: 100923|||a|||||| | ||| d

040 ## - CATALOGING SOURCE

  • Original cataloging agency: dpl
  • Transcribing agency: dpl

100 ## - HEADING--PERSONAL NAME

  • Personal name: त्रिपाठी, आशीष

670 ## - SOURCE DATA FOUND

  • Source citation: Work cat.: (dpl)36251: नामवर सिंह 21310, प्रेमचन्द और भारतीय समाज /, 2010

670 ## - SOURCE DATA FOUND

  • Source citation: Work cat.: (dpl)36251: नामवर सिंह 21310, प्रेमचन्द और भारतीय समाज /, 2010

© Delhi Public Library
Hit Counter
free hit counter